[Event "13. Hogeschool Zeeland Tournament"]
[Site "Vlissingen NED"]
[Date "2009.08.02"]
[Round "3.4"]
[White "Ernst, Sipke"]
[Black "Van Eijk, Sander"]
[Result "1/2-1/2"]
[WhiteElo "2598"]
[BlackElo "2338"]
[PlyCount "256"]
[EventDate "2009.08.01"]
[EventType "swiss"]
[EventRounds "9"]
[EventCountry "NED"]
[Source "lmi"]
[SourceDate "2009.08.01"]

1. d4 Nf6 2. c4 e6 3. Nc3 Bb4 4. e3 b6 5. Nge2 c5 6. g3 Bb7 7. d5 Ne4 8. Qc2
exd5 9. Bg2 Qf6 10. O-O Bxc3 11. cxd5 Nd2 12. Bxd2 Bxd2 13. Qxd2 Ba6 14. a4 O-O
15. a5 d6 16. Ra3 bxa5 17. Rxa5 Bxe2 18. Qxe2 Nd7 19. Rfa1 Rfb8 20. R1a2 g6 21.
Bh3 Nb6 22. Qd3 Nc8 23. Qc3 Qf3 24. Qd2 Ne7 25. Ra6 Qf6 26. Bf1 Rb4 27. Qc3
Nxd5 28. Qxf6 Nxf6 29. Rxd6 Ne4 30. Rd7 a5 31. Bg2 Ra6 32. Rc7 a4 33. Bxe4 Rxe4
34. Rxc5 Rb4 35. Kf1 Rab6 36. Rc2 g5 37. Rc5 h6 38. Rc2 Rb3 39. Ke2 a3 40. bxa3
Ra6 41. Rc8+ Kg7 42. Rd2 Rbxa3 43. Kf3 Ra8 44. Rcc2 R8a6 45. Ke2 Kg6 46. Kf3
Rf6+ 47. Kg2 Rfa6 48. h3 R3a4 49. Rd8 Ra2 50. Rg8+ Kh7 51. Rgc8 Kg6 52. f4
Rxc2+ 53. Rxc2 gxf4 54. gxf4 f5 55. Rc5 Rb6 56. Kg3 Ra6 57. h4 h5 58. Kf3 Ra1
59. Rc6+ Kg7 60. Rc2 Rh1 61. Kg3 Re1 62. Rc7+ Kg6 63. Rc6+ Kg7 64. Re6 Rg1+ 65.
Kf3 Rf1+ 66. Kg2 Re1 67. Re8 Ra1 68. Rd8 Ra3 69. Kf2 Ra2+ 70. Kf3 Ra1 71. Rd6
Rb1 72. Rd3 Rf1+ 73. Kg2 Re1 74. Rd5 Kg6 75. Re5 Ra1 76. Re8 Kg7 77. Rc8 Re1
78. Rc3 Ra1 79. Rc2 Kg6 80. Kg3 Re1 81. Rc6+ Kg7 82. Re6 Ra1 83. Re8 Rg1+ 84.
Kh2 Re1 85. Kg2 Ra1 86. Rb8 Ra3 87. Re8 Ra1 88. Re6 Ra2+ 89. Kg3 Ra3 90. Kf3
Ra1 91. Rd6 Rf1+ 92. Kg2 Re1 93. Rd3 Kg6 94. Rd6+ Kg7 95. Re6 Ra1 96. Re8 Rb1
97. Rd8 Rb3 98. Kf3 Ra3 99. Rd1 Kf6 100. Rd6+ Kg7 101. Rd1 Kf6 102. Rg1 Ra8
103. Rg2 Ra7 104. Rg8 Rb7 105. Rg5 Rh7 106. Rg8 Ra7 107. Rc8 Rb7 108. Rh8 Kg6
109. Rf8 Ra7 110. Re8 Kg7 111. Rc8 Ra1 112. Kg2 Ra3 113. Re8 Rb3 114. Kf2 Ra3
115. Rd8 Ra2+ 116. Kg3 Re2 117. Rd3 Re1 118. Kf2 Rh1 119. Kg3 Re1 120. Rc3 Kg6
121. Rc6+ Kg7 122. Re6 Ra1 123. Re5 Kg6 124. Re6+ Kg7 125. Rd6 Ra3 126. Kf3 Rb3
127. Rd1 Kf6 128. Rg1 Rb8 1/2-1/2

[Event "13. Hogeschool Zeeland Tournament"]
[Site "Vlissingen NED"]
[Date "2009.08.02"]
[Round "3.5"]
[White "De Jong, Migchiel"]
[Black "Van den Doel, Erik"]
[Result "0-1"]
[WhiteElo "2319"]
[BlackElo "2590"]
[PlyCount "78"]
[EventDate "2009.08.01"]
[EventType "swiss"]
[EventRounds "9"]
[EventCountry "NED"]
[Source "lmi"]
[SourceDate "2009.08.01"]

1. e4 e5 2. Nf3 Nc6 3. Bb5 a6 4. Ba4 Nf6 5. O-O Be7 6. Re1 b5 7. Bb3 d6 8. c3
O-O 9. a4 Bg4 10. h3 Bxf3 11. Qxf3 Na5 12. Ba2 b4 13. cxb4 Nc6 14. Qc3 Qd7 15.
Na3 d5 16. b5 Nd4 17. d3 axb5 18. axb5 Ra4 19. Nc2 Rfa8 20. Nxd4 exd4 21. Qb3
Bb4 22. Rd1 Qxb5 23. exd5 Qd7 24. Rf1 h6 25. Bf4 Bd6 26. Bg3 Nh5 27. Bh2 Qc8
28. Bxd6 cxd6 29. Rac1 Qf5 30. Bb1 Nf4 31. Qd1 Rb4 32. Rc2 Rab8 33. Qd2 Rb3 34.
Rfc1 g5 35. Ba2 Rxd3 36. Qe1 Nxg2 37. Kxg2 Qxh3+ 38. Kg1 Qg4+ 39. Kf1 Rh3 0-1

[Event "13. Hogeschool Zeeland Tournament"]
[Site "Vlissingen NED"]
[Date "2009.08.02"]
[Round "3.7"]
[White "Kogan, Arthur"]
[Black "Kuipers, Stefan"]
[Result "1-0"]
[WhiteElo "2542"]
[BlackElo "2324"]
[PlyCount "143"]
[EventDate "2009.08.01"]
[EventType "swiss"]
[EventRounds "9"]
[EventCountry "NED"]
[Source "lmi"]
[SourceDate "2009.08.01"]

1. d4 d5 2. Nf3 Nf6 3. c4 c6 4. e3 Bf5 5. Nc3 e6 6. Nh4 Bg6 7. Be2 Nbd7 8. O-O
Bd6 9. g3 O-O 10. Nxg6 hxg6 11. Rb1 a5 12. a3 Qe7 13. Qc2 dxc4 14. Bxc4 b5 15.
Be2 b4 16. axb4 axb4 17. Ne4 Nxe4 18. Qxe4 c5 19. Rd1 Nb6 20. dxc5 Bxc5 21. Bd2
Rfd8 22. Be1 Rxd1 23. Rxd1 Ra2 24. Qc2 Ra8 25. Rc1 Bd6 26. Qd3 Rc8 27. Rd1 Bc5
28. Qe4 Rc7 29. h4 Rc8 30. Kg2 Rb8 31. h5 gxh5 32. Bxh5 Nd5 33. Bf3 Rc8 34. Bd2
g6 35. Qc4 Nb6 36. Qf4 Bd6 37. Qe4 Nd5 38. Qd3 Nb6 39. Qa6 Rb8 40. Rc1 Nd7 41.
Rc6 Be5 42. b3 Kg7 43. Qa5 Bd6 44. Qa6 Be5 45. Rc4 Bd6 46. Qa1+ Be5 47. Qa7 Bd6
48. Rd4 Ne5 49. Qxe7 Bxe7 50. Be2 Bc5 51. Re4 Kf6 52. Bc1 Nd7 53. g4 Ke7 54. g5
Bd6 55. Bc4 Nc5 56. Rh4 Be5 57. Rh1 Bc3 58. Kf3 Ra8 59. e4 Ra1 60. Rf1 Rb1 61.
Be3 Rxf1 62. Bxc5+ Kd7 63. Bxf1 Kc6 64. Be7 Bd2 65. Bc4 Bc3 66. Bf6 Bd2 67. Kg4
Kd6 68. f4 Be3 69. f5 Bd2 70. e5+ Kd7 71. fxe6+ fxe6 72. Bd3 1-0

[Event "13. Hogeschool Zeeland Tournament"]
[Site "Vlissingen NED"]
[Date "2009.08.02"]
[Round "3.8"]
[White "Rajesh, V A V."]
[Black "Vovk, Andrey"]
[Result "0-1"]
[WhiteElo "2249"]
[BlackElo "2506"]
[PlyCount "68"]
[EventDate "2009.08.01"]
[EventType "swiss"]
[EventRounds "9"]
[EventCountry "NED"]
[Source "lmi"]
[SourceDate "2009.08.01"]

1. d4 Nf6 2. c4 g6 3. Nc3 Bg7 4. e4 d6 5. Nf3 O-O 6. Be2 e5 7. O-O Na6 8. Be3
c6 9. dxe5 dxe5 10. Qxd8 Rxd8 11. Rad1 Re8 12. h3 Bf8 13. a3 Nc5 14. Nd2 Ne6
15. Nb3 Nf4 16. Bxf4 exf4 17. Rd4 Nd7 18. Bg4 Ne5 19. Bxc8 Rexc8 20. c5 b5 21.
cxb6 axb6 22. Nc1 b5 23. Nd3 Nc4 24. Rd1 g5 25. e5 Bg7 26. Ne4 Rd8 27. Nd6 f6
28. Rxc4 bxc4 29. Nc5 fxe5 30. Ne6 Bf8 31. Nxd8 Rxd8 32. Rc1 Rxd6 33. Rxc4 Rd1+
34. Kh2 Rd2 0-1

[Event "13. Hogeschool Zeeland Tournament"]
[Site "Vlissingen NED"]
[Date "2009.08.02"]
[Round "3.9"]
[White "Hoffmann, Michael"]
[Black "Litwak, Aleksej"]
[Result "1-0"]
[WhiteElo "2502"]
[BlackElo "2268"]
[PlyCount "57"]
[EventDate "2009.08.01"]
[EventType "swiss"]
[EventRounds "9"]
[EventCountry "NED"]
[Source "lmi"]
[SourceDate "2009.08.01"]

1. d4 Nf6 2. c4 e6 3. g3 d5 4. Nf3 c5 5. Bg2 Nc6 6. cxd5 exd5 7. O-O Be7 8. Nc3
O-O 9. Be3 c4 10. Ne5 Be6 11. Nxc4 Nxd4 12. Qxd4 dxc4 13. Bxb7 Qxd4 14. Bxd4
Rab8 15. Bf3 Rfd8 16. Rfd1 Kf8 17. Bxa7 Rxb2 18. a4 Rb3 19. Rxd8+ Bxd8 20. Nb5
c3 21. Nd4 Rb2 22. Rc1 Ba5 23. Nc6 Bc7 24. Rxc3 Bh3 25. Be3 Ra2 26. Ra3 Rc2 27.
Ra1 Bg4 28. Nd4 Rb2 29. a5 1-0

[Event "13. Hogeschool Zeeland Tournament"]
[Site "Vlissingen NED"]
[Date "2009.08.02"]
[Round "3.10"]
[White "Padmini, Rout"]
[Black "Adhiban, Baskaran"]
[Result "0-1"]
[WhiteElo "2243"]
[BlackElo "2481"]
[PlyCount "102"]
[EventDate "2009.08.01"]
[EventType "swiss"]
[EventRounds "9"]
[EventCountry "NED"]
[Source "lmi"]
[SourceDate "2009.08.01"]

1. e4 e5 2. Nf3 Nc6 3. Bb5 a6 4. Ba4 Nf6 5. O-O Be7 6. Re1 b5 7. Bb3 d6 8. c3
O-O 9. d4 Bg4 10. d5 Na5 11. Bc2 Qc8 12. h3 Bd7 13. Nbd2 c6 14. dxc6 Qxc6 15.
Nf1 Rac8 16. Ng3 Rfe8 17. Nh2 Be6 18. Ng4 Nd7 19. Ne3 Bf8 20. a4 Nc4 21. Nef5
Ncb6 22. a5 Na8 23. f4 g6 24. Nh4 exf4 25. Bxf4 Ne5 26. Nf3 Bg7 27. Nxe5 dxe5
28. Bg5 f6 29. Be3 Nc7 30. Qf3 Rf8 31. Kh2 Ne8 32. Rad1 Nd6 33. Bd3 h5 34. Bb6
h4 35. Nf1 f5 36. exf5 Qxf3 37. gxf3 gxf5 38. Be2 Rc6 39. Ne3 Kf7 40. Nd5 Bxd5
41. Rxd5 Ke6 42. Red1 Rfc8 43. Be3 Bf6 44. f4 Rg8 45. Bf3 Ne4 46. Bxe4 fxe4 47.
R5d2 Rg3 48. Re1 Kf5 49. Rf2 Rf3 50. Ref1 exf4 51. Bxf4 Kxf4 0-1

[Event "13. Hogeschool Zeeland Tournament"]
[Site "Vlissingen NED"]
[Date "2009.08.02"]
[Round "3.11"]
[White "Zaragatski, Ilja"]
[Black "Freeke, Matthieu"]
[Result "1-0"]
[WhiteElo "2472"]
[BlackElo "2264"]
[PlyCount "71"]
[EventDate "2009.08.01"]
[EventType "swiss"]
[EventRounds "9"]
[EventCountry "NED"]
[Source "lmi"]
[SourceDate "2009.08.01"]

1. Nf3 Nf6 2. g3 g6 3. Bg2 Bg7 4. O-O O-O 5. d4 d5 6. c4 dxc4 7. Na3 Nc6 8.
Nxc4 Be6 9. b3 Bd5 10. Bb2 a5 11. Nfe5 Bxg2 12. Kxg2 Nb4 13. a3 Nbd5 14. Qd3
Nd7 15. Nxd7 Qxd7 16. e4 Nb6 17. Nxb6 cxb6 18. a4 Rfd8 19. Rad1 Rac8 20. Rd2 e6
21. h4 Rc6 22. f4 Rd6 23. e5 Rd5 24. g4 b5 25. h5 bxa4 26. hxg6 hxg6 27. bxa4
Qxa4 28. Qh3 Rc8 29. Rff2 Qd7 30. Kg1 f5 31. Rg2 Rb5 32. gxf5 exf5 33. Rxg6
Rxb2 34. Rxb2 Rc1+ 35. Kh2 Qxd4 36. Rxg7+ 1-0

[Event "13. Hogeschool Zeeland Tournament"]
[Site "Vlissingen NED"]
[Date "2009.08.02"]
[Round "3.12"]
[White "Sarrau, Jelle"]
[Black "Lalith, Babu M.R"]
[Result "1/2-1/2"]
[WhiteElo "2229"]
[BlackElo "2472"]
[PlyCount "72"]
[EventDate "2009.08.01"]
[EventType "swiss"]
[EventRounds "9"]
[EventCountry "NED"]
[Source "lmi"]
[SourceDate "2009.08.01"]

1. e4 c6 2. d3 d5 3. Nd2 e5 4. Ngf3 Bd6 5. g3 Nf6 6. Bg2 O-O 7. O-O Re8 8. b3
Bg4 9. Bb2 Nbd7 10. Re1 Qc7 11. c3 a5 12. a3 Bf8 13. Qc2 a4 14. b4 c5 15. exd5
cxb4 16. axb4 Nxd5 17. Rac1 N7b6 18. Ba3 Rad8 19. Ne4 Bf5 20. Nfd2 Bd7 21. Qb2
Ne7 22. Nc5 Bc6 23. Bf1 Nf5 24. Nde4 Nc8 25. b5 Bxe4 26. Nxe4 Ncd6 27. Ra1 Ra8
28. Bg2 Qb6 29. Reb1 Nxe4 30. Bxe4 Nd6 31. Qe2 Qc7 32. c4 Nxe4 33. Qxe4 Ra5 34.
Bxf8 Rxf8 35. Ra3 Rfa8 36. Rba1 h6 1/2-1/2

[Event "13. Hogeschool Zeeland Tournament"]
[Site "Vlissingen NED"]
[Date "2009.08.02"]
[Round "3.13"]
[White "Duchene, Rene"]
[Black "Henrichs, Thomas"]
[Result "0-1"]
[WhiteElo "2216"]
[BlackElo "2463"]
[PlyCount "66"]
[EventDate "2009.08.01"]
[EventType "swiss"]
[EventRounds "9"]
[EventCountry "NED"]
[Source "lmi"]
[SourceDate "2009.08.01"]

1. Nf3 g6 2. c4 Bg7 3. e4 e5 4. d4 exd4 5. Nxd4 Nf6 6. Nc3 O-O 7. Be2 Re8 8. f3
c6 9. Nb3 a5 10. Rb1 a4 11. Na1 d5 12. cxd5 cxd5 13. Bg5 Qa5 14. Qd2 dxe4 15.
Bxf6 Bxf6 16. Nxe4 Qxd2+ 17. Kxd2 Be5 18. Bc4 Nc6 19. Nc2 Rd8+ 20. Ke3 Na5 21.
Na3 Bd4+ 22. Ke2 Nxc4 23. Nxc4 Be6 24. Rbc1 b5 25. Ncd6 Bxb2 26. Rc2 a3 27.
Nxb5 Rac8 28. Rxc8 Rxc8 29. Ned6 Rc2+ 30. Kd3 Rc5 31. Re1 Bxa2 32. Re8+ Kg7 33.
Ra8 Bb1+ 0-1

[Event "13. Hogeschool Zeeland Tournament"]
[Site "Vlissingen NED"]
[Date "2009.08.02"]
[Round "3.14"]
[White "Bosch, Jeroen"]
[Black "Leenaerts, Robin"]
[Result "1/2-1/2"]
[WhiteElo "2456"]
[BlackElo "2248"]
[PlyCount "57"]
[EventDate "2009.08.01"]
[EventType "swiss"]
[EventRounds "9"]
[EventCountry "NED"]
[Source "lmi"]
[SourceDate "2009.08.01"]

1. d4 Nf6 2. Nc3 d5 3. Bg5 Nbd7 4. Qd3 c6 5. Nf3 Qa5 6. a3 e6 7. Nd2 b5 8. Nb3
Qc7 9. e4 b4 10. axb4 Bxb4 11. Nd2 h6 12. Bh4 a5 13. exd5 Ba6 14. Qg3 Qxg3 15.
Bxg3 cxd5 16. Nb5 Bxd2+ 17. Kxd2 Ne4+ 18. Ke3 Bxb5 19. Bxb5 Nxg3 20. hxg3 Ke7
21. b3 Rhb8 22. Ba4 Nb6 23. Kd2 Kd6 24. Ra2 Nxa4 25. Rxa4 Rb4 26. Rha1 Rxa4 27.
Rxa4 Kc6 28. Kd3 Kb6 29. Ra1 1/2-1/2

[Event "13. Hogeschool Zeeland Tournament"]
[Site "Vlissingen NED"]
[Date "2009.08.02"]
[Round "3.15"]
[White "Kiran, Manisha Mohanty"]
[Black "Bosboom, Manuel"]
[Result "0-1"]
[WhiteElo "2203"]
[BlackElo "2444"]
[PlyCount "92"]
[EventDate "2009.08.01"]
[EventType "swiss"]
[EventRounds "9"]
[EventCountry "NED"]
[Source "lmi"]
[SourceDate "2009.08.01"]

1. e4 c5 2. Nf3 d6 3. d4 cxd4 4. Nxd4 Nf6 5. Nc3 a6 6. f4 Nbd7 7. Nf3 e6 8. Bd3
b5 9. O-O Bb7 10. Qe1 Nc5 11. a3 Be7 12. Kh1 h5 13. b4 Nxd3 14. cxd3 Rc8 15.
Bd2 h4 16. a4 bxa4 17. Rxa4 h3 18. g3 d5 19. e5 d4 20. Ne4 Nxe4 21. dxe4 Qb6
22. Ra3 O-O 23. Qe2 Rfd8 24. Qd3 Rc3 25. Bxc3 dxc3 26. Qxc3 Bxb4 27. Qe3 Bc5
28. Qb3 Qxb3 29. Rxb3 Bxe4 30. Rc3 Ba7 31. g4 Rd3 32. Rxd3 Bxd3 33. Re1 Bf2 34.
Ra1 Be4 35. Ra3 a5 36. f5 a4 37. fxe6 fxe6 38. g5 Kh7 39. g6+ Kxg6 40. Re3 Kf5
41. Ra3 Bc5 42. Rc3 Bd4 43. Rd3 Kf4 44. Rb3 Be3 45. Rb4 a3 46. Ra4 a2 0-1

[Event "13. Hogeschool Zeeland Tournament"]
[Site "Vlissingen NED"]
[Date "2009.08.02"]
[Round "3.16"]
[White "Roeder, Matthias"]
[Black "Marcziter, Dmitrii"]
[Result "1/2-1/2"]
[WhiteElo "2438"]
[BlackElo "2238"]
[PlyCount "43"]
[EventDate "2009.08.01"]
[EventType "swiss"]
[EventRounds "9"]
[EventCountry "NED"]
[Source "lmi"]
[SourceDate "2009.08.01"]

1. Nf3 c5 2. c4 Nf6 3. g3 b6 4. Bg2 Bb7 5. O-O e6 6. Nc3 Be7 7. b3 O-O 8. Bb2
a6 9. d4 cxd4 10. Qxd4 d6 11. Rfd1 Nbd7 12. Qe3 Re8 13. Nd4 Bxg2 14. Kxg2 Qc7
15. h3 Bf8 16. Kg1 Rad8 17. Rac1 Rc8 18. Qf3 Qb8 19. Nc6 Qa8 20. Nd4 Qb8 21.
Nc6 Qa8 22. Nd4 1/2-1/2

[Event "13. Hogeschool Zeeland Tournament"]
[Site "Vlissingen NED"]
[Date "2009.08.02"]
[Round "3.17"]
[White "Van Hoeve, Ab"]
[Black "Bitalzadeh, Ali"]
[Result "0-1"]
[WhiteElo "2198"]
[BlackElo "2434"]
[PlyCount "68"]
[EventDate "2009.08.01"]
[EventType "swiss"]
[EventRounds "9"]
[EventCountry "NED"]
[Source "lmi"]
[SourceDate "2009.08.01"]

1. e4 c5 2. Nc3 Nc6 3. Bb5 Nd4 4. Bc4 e6 5. Nge2 a6 6. a4 Ne7 7. O-O d5 8. exd5
exd5 9. Ba2 Nxe2+ 10. Qxe2 Be6 11. d3 Qd7 12. a5 O-O-O 13. Bb3 Nc6 14. Bf4 Bd6
15. Qd2 Qc7 16. Bxd6 Rxd6 17. Rfe1 Rhd8 18. Ne2 f6 19. Qc3 d4 20. Qxc5 Bxb3 21.
cxb3 Rd5 22. Qc2 Rxa5 23. Qd2 Qb6 24. Rac1 Re5 25. Ng3 Kb8 26. Rxe5 Nxe5 27.
Qc2 Ka7 28. Ne2 Rd6 29. Qc8 Nxd3 30. Rc7 Nxf2 31. Rxg7 d3 32. Rg8 Nh3+ 33. Kh1
Qg1+ 34. Nxg1 Nf2# 0-1

[Event "13. Hogeschool Zeeland Tournament"]
[Site "Vlissingen NED"]
[Date "2009.08.02"]
[Round "3.18"]
[White "Kohlweyer, Bernd"]
[Black "De Vos, Nils"]
[Result "1/2-1/2"]
[WhiteElo "2418"]
[BlackElo "2205"]
[PlyCount "63"]
[EventDate "2009.08.01"]
[EventType "swiss"]
[EventRounds "9"]
[EventCountry "NED"]
[Source "lmi"]
[SourceDate "2009.08.01"]

1. d4 Nf6 2. c4 g6 3. Nc3 Bg7 4. e4 d6 5. f3 O-O 6. Nge2 c5 7. d5 e6 8. Ng3
exd5 9. cxd5 h5 10. Be2 Nh7 11. Be3 Qb6 12. Qc1 Nd7 13. O-O h4 14. Nh1 a6 15.
Nf2 f5 16. exf5 gxf5 17. Nd3 Re8 18. Kh1 Ne5 19. Nf4 Qc7 20. a4 Qf7 21. Re1 Ng6
22. Nxg6 Qxg6 23. Bf1 Bd7 24. Qd2 Bf6 25. a5 Qg7 26. Bf4 Bg5 27. Bxg5 Qxg5 28.
Qxg5+ Nxg5 29. Kg1 Kg7 30. Kf2 Kf6 31. Bd3 Nf7 32. f4 1/2-1/2

[Event "13. Hogeschool Zeeland Tournament"]
[Site "Vlissingen NED"]
[Date "2009.08.02"]
[Round "3.19"]
[White "Reyniers, Pieter"]
[Black "Shyam, Sundar M"]
[Result "0-1"]
[WhiteElo "2046"]
[BlackElo "2415"]
[PlyCount "80"]
[EventDate "2009.08.01"]
[EventType "swiss"]
[EventRounds "9"]
[EventCountry "NED"]
[Source "lmi"]
[SourceDate "2009.08.01"]

1. e4 e5 2. Nf3 Nc6 3. Bb5 a6 4. Ba4 Nf6 5. d3 d6 6. c3 g6 7. Nbd2 Bg7 8. Nf1
O-O 9. Ng3 Bd7 10. O-O Qe7 11. Re1 Rad8 12. h3 h6 13. Nh2 d5 14. Qe2 dxe4 15.
dxe4 Nd4 16. Qd1 b5 17. cxd4 bxa4 18. d5 Bb5 19. Be3 Rfe8 20. Rc1 c6 21. Bc5
Qd7 22. dxc6 Qxc6 23. Qf3 Qe6 24. Ng4 Nxg4 25. Qxg4 Qxa2 26. Ba3 h5 27. Qg5 Qe6
28. Ne2 Kh7 29. Rc5 Bh6 30. Qh4 Bd2 31. f4 Bxe1 32. Qxe1 Bxe2 33. Qxe2 exf4 34.
Qc4 Qxc4 35. Rxc4 Rd2 36. Rxa4 f3 37. Rc4 Rxg2+ 38. Kf1 Rd8 39. Rc1 Rdd2 40. b3
Rh2 0-1

[Event "13. Hogeschool Zeeland Tournament"]
[Site "Vlissingen NED"]
[Date "2009.08.02"]
[Round "3.22"]
[White "Nijboer, Friso"]
[Black "De Wolf, Johan"]
[Result "1-0"]
[WhiteElo "2552"]
[BlackElo "2147"]
[PlyCount "45"]
[EventDate "2009.08.01"]
[EventType "swiss"]
[EventRounds "9"]
[EventCountry "NED"]
[Source "lmi"]
[SourceDate "2009.08.01"]

1. e4 d5 2. exd5 Nf6 3. d4 Nxd5 4. c4 Nb6 5. Nf3 Bg4 6. c5 N6d7 7. Bc4 e6 8. h3
Bxf3 9. Qxf3 c6 10. O-O Nf6 11. Rd1 Be7 12. Nc3 Nbd7 13. b4 a6 14. Bf4 Nd5 15.
Bxd5 exd5 16. Re1 O-O 17. Bc7 Qxc7 18. Rxe7 Rae8 19. Rae1 Rxe7 20. Rxe7 Qd8 21.
Qe2 Qc7 22. Qg4 Rd8 23. Qf5 1-0

[Event "13. Hogeschool Zeeland Tournament"]
[Site "Vlissingen NED"]
[Date "2009.08.02"]
[Round "3.23"]
[White "Busch, Christian"]
[Black "Spoelman, Wouter"]
[Result "0-1"]
[WhiteElo "2145"]
[BlackElo "2546"]
[PlyCount "84"]
[EventDate "2009.08.01"]
[EventType "swiss"]
[EventRounds "9"]
[EventCountry "NED"]
[Source "lmi"]
[SourceDate "2009.08.01"]

1. d4 Nf6 2. Nf3 e6 3. g3 b5 4. Bg2 Bb7 5. O-O Be7 6. b3 O-O 7. Bb2 c5 8. e3
cxd4 9. exd4 d5 10. Ne5 Qb6 11. Nd2 b4 12. c4 bxc3 13. Bxc3 Rc8 14. Bb2 Nc6 15.
Nxc6 Rxc6 16. Rc1 Rac8 17. Rxc6 Qxc6 18. Qb1 Qc2 19. Rd1 Bb4 20. Nc4 Qxb1 21.
Rxb1 Ba6 22. Ne3 Bd2 23. Bf1 Bxf1 24. Nxf1 Rc2 25. f3 Bb4 26. a3 Bd6 27. b4 Nd7
28. Ne3 Re2 29. Nd1 Nb6 30. Nc3 Rc2 31. Nb5 Bb8 32. a4 Nxa4 33. Rc1 Rxc1+ 34.
Bxc1 a6 35. Na3 Ba7 36. Be3 Nc3 37. Nc2 Kf8 38. f4 Ke7 39. Kf2 Kd6 40. Ke1 Kc6
41. Kd2 Ne4+ 42. Kd3 Kb5 0-1

[Event "13. Hogeschool Zeeland Tournament"]
[Site "Vlissingen NED"]
[Date "2009.08.02"]
[Round "3.24"]
[White "Karthikeyan, P."]
[Black "Kuijpers, Charles"]
[Result "1-0"]
[WhiteElo "2478"]
[BlackElo "2112"]
[PlyCount "93"]
[EventDate "2009.08.01"]
[EventType "swiss"]
[EventRounds "9"]
[EventCountry "NED"]
[Source "lmi"]
[SourceDate "2009.08.01"]

1. d4 e6 2. c4 Nf6 3. Nf3 Bb4+ 4. Nbd2 O-O 5. a3 Be7 6. e3 d5 7. Bd3 b6 8. O-O
Bb7 9. b4 a5 10. b5 c6 11. bxc6 Nxc6 12. Rb1 Ba6 13. Qe2 Rb8 14. Bb2 Qd7 15.
Ne5 Nxe5 16. dxe5 Ne4 17. Bxe4 dxe4 18. Nxe4 Rfc8 19. Rfd1 Qa4 20. Nd6 Bxc4 21.
Qg4 Rc7 22. Rdc1 b5 23. h4 h6 24. Bd4 Bf8 25. h5 Rbc8 26. Nxc8 Rxc8 27. Bb2 Rd8
28. Rd1 Rxd1+ 29. Qxd1 Bb3 30. Qd4 Bc4 31. Qc3 Ba2 32. Ra1 Bd5 33. f3 Bc4 34.
e4 Bc5+ 35. Kh2 Be7 36. Bc1 Bc5 37. Bd2 Bb6 38. Re1 Kh7 39. Be3 Bc7 40. Bc5 Bd8
41. f4 Bh4 42. Rc1 Be2 43. Qe3 Bxh5 44. Kh3 Bd8 45. Qd3 Bc7 46. Bd4 Bd8 47. g4
1-0

[Event "13. Hogeschool Zeeland Tournament"]
[Site "Vlissingen NED"]
[Date "2009.08.02"]
[Round "3.25"]
[White "Oosterom, Erik"]
[Black "Piasetski, Leon"]
[Result "0-1"]
[WhiteElo "2128"]
[BlackElo "2288"]
[PlyCount "66"]
[EventDate "2009.08.01"]
[EventType "swiss"]
[EventRounds "9"]
[EventCountry "NED"]
[Source "lmi"]
[SourceDate "2009.08.01"]

1. d4 Nf6 2. c4 e6 3. Nf3 Bb4+ 4. Nbd2 b6 5. a3 Bxd2+ 6. Bxd2 Bb7 7. Bg5 h6 8.
Bh4 d6 9. e3 g5 10. Bg3 Ne4 11. Nd2 Nxg3 12. hxg3 Nd7 13. Rh2 c5 14. Be2 cxd4
15. exd4 Nf6 16. Qb3 Qc7 17. Qc3 d5 18. c5 O-O-O 19. Rc1 Kb8 20. b4 bxc5 21.
bxc5 Bc6 22. Nb3 Ka8 23. Qa5 Qb7 24. Rb1 Rb8 25. Nd2 Qd7 26. Rxb8+ Rxb8 27.
Rxh6 Ne4 28. Rh1 e5 29. dxe5 Qf5 30. Nxe4 Qxe4 31. Rf1 Rb1+ 32. Kd2 Rb2+ 33.
Kc3 Qxe5+ 0-1

[Event "13. Hogeschool Zeeland Tournament"]
[Site "Vlissingen NED"]
[Date "2009.08.02"]
[Round "3.26"]
[White "Heltzel, Joost"]
[Black "Timmermans, Mark"]
[Result "0-1"]
[WhiteElo "2262"]
[BlackElo "2125"]
[PlyCount "100"]
[EventDate "2009.08.01"]
[EventType "swiss"]
[EventRounds "9"]
[EventCountry "NED"]
[Source "lmi"]
[SourceDate "2009.08.01"]

1. Nf3 Nf6 2. g3 d5 3. Bg2 c6 4. O-O Bg4 5. d3 Nbd7 6. Nbd2 e6 7. b3 Be7 8. Bb2
O-O 9. e4 Ne8 10. Qe2 Nc7 11. h3 Bh5 12. Rfe1 Bf6 13. d4 c5 14. e5 Be7 15. dxc5
Nxc5 16. Rad1 Bg6 17. Nd4 a6 18. f4 Nb5 19. Nf1 Ne4 20. Nxb5 axb5 21. Qxb5 Qc7
22. Bd4 Nc3 23. Bxc3 Qxc3 24. Kh2 Rxa2 25. Qxb7 Bb4 26. Re2 Qc5 27. Bxd5 exd5
28. Rxd5 Be4 29. Rxc5 Bxb7 30. Rc7 Ba6 31. Rf2 Ba5 32. Rc6 Be1 33. Rxa6 Rxa6
34. Re2 Bc3 35. Ne3 Rd8 36. Nc4 Ra1 37. Kg2 Re1 38. Kf2 Rxe2+ 39. Kxe2 Bb4 40.
f5 Bc3 41. Ke3 Rd4 42. g4 Kf8 43. Kf3 Ke7 44. Ke3 h6 45. Kf3 Rxc4 46. bxc4 Bxe5
47. Ke4 Bf6 48. Kd5 Kd7 49. Kc5 Kc7 50. Kd5 Be7 0-1

[Event "13. Hogeschool Zeeland Tournament"]
[Site "Vlissingen NED"]
[Date "2009.08.02"]
[Round "3.27"]
[White "Tiggelman, Rene"]
[Black "Zomer, Koos"]
[Result "1-0"]
[WhiteElo "2250"]
[BlackElo "2055"]
[PlyCount "57"]
[EventDate "2009.08.01"]
[EventType "swiss"]
[EventRounds "9"]
[EventCountry "NED"]
[Source "lmi"]
[SourceDate "2009.08.01"]

1. Nf3 d5 2. d4 Nf6 3. c4 e6 4. g3 Nc6 5. Bg2 Bb4+ 6. Bd2 Bxd2+ 7. Nbxd2 O-O 8.
Qc2 Qe7 9. Rd1 Rd8 10. O-O Nb4 11. Qb1 c5 12. dxc5 Na6 13. cxd5 exd5 14. b4
Qxe2 15. Rfe1 Qb5 16. a3 Bg4 17. Rc1 Qa4 18. Qb2 Nc7 19. Nd4 Nb5 20. Nxb5 Qxb5
21. Nf3 a5 22. Nd4 Qd7 23. b5 Re8 24. c6 bxc6 25. Nxc6 Be6 26. a4 Qb7 27. Qd4
Nd7 28. Bxd5 Bxd5 29. Qxd5 1-0

[Event "13. Hogeschool Zeeland Tournament"]
[Site "Vlissingen NED"]
[Date "2009.08.02"]
[Round "3.28"]
[White "Van de Poel, Taco"]
[Black "Timmermans, Ivo"]
[Result "0-1"]
[WhiteElo "2023"]
[BlackElo "2223"]
[PlyCount "46"]
[EventDate "2009.08.01"]
[EventType "swiss"]
[EventRounds "9"]
[EventCountry "NED"]
[Source "lmi"]
[SourceDate "2009.08.01"]

1. e4 e6 2. d4 d5 3. e5 c5 4. c3 Nc6 5. Nf3 Bd7 6. Be2 Nge7 7. Na3 cxd4 8. cxd4
Ng6 9. h4 Be7 10. h5 Nh4 11. Nxh4 Bxh4 12. Nc2 Be7 13. h6 g6 14. Rh3 Rc8 15.
Kf1 f6 16. exf6 Bxf6 17. Rg3 O-O 18. Qd3 Ne7 19. Rf3 Nf5 20. g4 Nd6 21. Bf4 Ne4
22. Re1 Bg5 23. Bd6 Nxd6 0-1

[Event "13. Hogeschool Zeeland Tournament"]
[Site "Vlissingen NED"]
[Date "2009.08.02"]
[Round "3.29"]
[White "Dek, Lennart"]
[Black "Roggeveen, Wouter"]
[Result "1/2-1/2"]
[WhiteElo "2205"]
[BlackElo "2025"]
[PlyCount "50"]
[EventDate "2009.08.01"]
[EventType "swiss"]
[EventRounds "9"]
[EventCountry "NED"]
[Source "lmi"]
[SourceDate "2009.08.01"]

1. e4 e5 2. Nf3 Nf6 3. Nxe5 Nxe4 4. Qe2 Qe7 5. Qxe4 d6 6. d4 dxe5 7. Qxe5 Qxe5+
8. dxe5 Bf5 9. c3 Nd7 10. Bf4 Nc5 11. Nd2 O-O-O 12. Nb3 Na4 13. Nd4 Bg6 14. Bc1
Bc5 15. Nf3 f6 16. Bb5 Nb6 17. O-O a6 18. Be2 Rhe8 19. Bf4 Na4 20. Nh4 Nxb2 21.
Bg4+ Kb8 22. Nxg6 hxg6 23. exf6 gxf6 24. Bf3 Nd3 25. Bg3 Ne5 1/2-1/2